[Event "Open Marianske Lazne 2015 - A - velmist"]
[Site "Marianske Lazne CZE"]
[Date "2015.01.17"]
[Round "1.1"]
[White "Andreev, Eduard"]
[Black "Kargin, Arseny"]
[Result "1/2-1/2"]
[WhiteElo "2458"]
[BlackElo "2444"]
[PlyCount "41"]
[EventDate "2015.01.17"]
[EventType "tourn"]
[EventRounds "9"]
[EventCountry "CZE"]
[EventCategory "7"]
[Source "lmi"]
[SourceDate "2015.01.17"]

1. e4 c5 2. Nf3 d6 3. d4 cxd4 4. Nxd4 Nf6 5. Nc3 g6 6. Be3 Bg7 7. f3 O-O 8. Qd2
Nc6 9. O-O-O d5 10. exd5 Nxd5 11. Nxc6 bxc6 12. Bd4 Bxd4 13. Qxd4 Qb6 14. Na4
Qc7 15. Bc4 Rd8 16. Nc5 Bf5 17. Bb3 Nb6 18. Na6 Qb7 19. Nc5 Qc7 20. Na6 Qb7 21.
Nc5 1/2-1/2

[Event "Open Marianske Lazne 2015 - A - velmist"]
[Site "Marianske Lazne CZE"]
[Date "2015.01.17"]
[Round "1.2"]
[White "Studer, Noel"]
[Black "Dobrowolski, Piotr"]
[Result "1-0"]
[WhiteElo "2403"]
[BlackElo "2434"]
[PlyCount "91"]
[EventDate "2015.01.17"]
[EventType "tourn"]
[EventRounds "9"]
[EventCountry "CZE"]
[EventCategory "7"]
[Source "lmi"]
[SourceDate "2015.01.17"]

1. e4 e6 2. d4 d5 3. Nd2 a6 4. Ngf3 c5 5. exd5 exd5 6. dxc5 Bxc5 7. Nb3 Bb6 8.
Bg5 Nf6 9. Qe2+ Be6 10. Nfd4 Qe7 11. O-O-O Nc6 12. Nxe6 fxe6 13. g3 O-O 14. Bh3
Rae8 15. Rhe1 h6 16. Bxf6 Rxf6 17. f4 Kh8 18. Qh5 Rd8 19. Re2 a5 20. Rde1 Rd6
21. a4 d4 22. Kb1 d3 23. cxd3 Nb4 24. d4 Qd7 25. Qb5 Qxb5 26. axb5 Nd3 27. Rd1
a4 28. Nd2 Rxd4 29. Nf3 Nf2 30. Rxd4 Bxd4 31. Nxd4 Nxh3 32. Rxe6 Rf7 33. f5 Kh7
34. Rd6 h5 35. Rg6 Nf2 36. Ne6 Ne4 37. g4 Re7 38. gxh5 a3 39. bxa3 Nc3+ 40. Kb2
Nxb5 41. Ng5+ Kh8 42. Re6 Rxe6 43. fxe6 Kg8 44. e7 Nc7 45. Kb3 b5 46. h3 1-0

[Event "Open Marianske Lazne 2015 - A - velmist"]
[Site "Marianske Lazne CZE"]
[Date "2015.01.17"]
[Round "1.3"]
[White "Kim, Alexey"]
[Black "Stachowiak, Kamil"]
[Result "1-0"]
[WhiteElo "2477"]
[BlackElo "2446"]
[PlyCount "95"]
[EventDate "2015.01.17"]
[EventType "tourn"]
[EventRounds "9"]
[EventCountry "CZE"]
[EventCategory "7"]
[Source "lmi"]
[SourceDate "2015.01.17"]

1. e4 c5 2. Nf3 e6 3. d4 cxd4 4. Nxd4 Nc6 5. Nc3 Qc7 6. g3 a6 7. Bg2 d6 8. O-O
Bd7 9. a4 Nf6 10. Nb3 Be7 11. a5 O-O 12. Be3 Rac8 13. f4 Nb4 14. g4 h6 15. Rf2
e5 16. h3 Bc6 17. g5 hxg5 18. fxg5 Nh7 19. h4 Bd7 20. Bb6 Qc4 21. Nd2 Qe6 22.
Nf1 g6 23. Ne3 f6 24. Rf3 Qf7 25. Qd2 Qg7 26. Ncd5 Nxd5 27. Qxd5+ Kh8 28. Qxb7
Bc6 29. Qxa6 Bxe4 30. Rf2 Bxg2 31. Rxg2 fxg5 32. Qd3 gxh4 33. Rxg6 Qf7 34. Rf1
Bf6 35. Kh1 Rg8 36. Rh6 Qb7+ 37. Nd5 Bg5 38. Rxd6 Rcf8 39. Rg1 Bf4 40. a6 Qf7
41. Rxg8+ Rxg8 42. a7 Be3 43. Qe2 Qf5 44. Nxe3 Qe4+ 45. Qg2 Rxg2 46. Nxg2 h3
47. Rd8+ Kg7 48. a8=Q 1-0

[Event "Open Marianske Lazne 2015 - A - velmist"]
[Site "Marianske Lazne CZE"]
[Date "2015.01.17"]
[Round "1.4"]
[White "Simantsev, Mikhail"]
[Black "Zawadzka, Jolanta"]
[Result "1-0"]
[WhiteElo "2432"]
[BlackElo "2412"]
[PlyCount "61"]
[EventDate "2015.01.17"]
[EventType "tourn"]
[EventRounds "9"]
[EventCountry "CZE"]
[EventCategory "7"]
[Source "lmi"]
[SourceDate "2015.01.17"]

1. d4 d5 2. c4 e6 3. Nf3 c6 4. e3 Nf6 5. Nc3 Nbd7 6. Qc2 Bd6 7. b3 O-O 8. Be2
b6 9. O-O Bb7 10. Bb2 Qe7 11. Rad1 Rfe8 12. Rfe1 Rad8 13. Bf1 c5 14. cxd5 exd5
15. g3 a6 16. dxc5 bxc5 17. Bg2 Rc8 18. Ng5 g6 19. Nxd5 Nxd5 20. Bxd5 Bxd5 21.
Rxd5 Nb6 22. Rxd6 Qxd6 23. Ne4 Rxe4 24. Qxe4 Rd8 25. Rc1 f6 26. Ba3 Rc8 27. Qg4
Kf7 28. Rd1 Qc6 29. Qh4 h5 30. Qf4 Nd5 31. Qc4 1-0

[Event "Open Marianske Lazne 2015 - A - velmist"]
[Site "Marianske Lazne CZE"]
[Date "2015.01.17"]
[Round "1.5"]
[White "Erenberg, Ariel"]
[Black "Berend, Fred"]
[Result "1-0"]
[WhiteElo "2251"]
[BlackElo "2363"]
[PlyCount "97"]
[EventDate "2015.01.17"]
[EventType "tourn"]
[EventRounds "9"]
[EventCountry "CZE"]
[EventCategory "7"]
[Source "lmi"]
[SourceDate "2015.01.17"]

1. d4 Nf6 2. c4 d6 3. Nc3 e5 4. Nf3 Nc6 5. g3 Bg4 6. d5 Bxf3 7. exf3 Nb8 8. Bh3
Nbd7 9. Be3 Be7 10. O-O h5 11. Re1 Kf8 12. b4 a5 13. a3 h4 14. Bg2 Nh5 15. Qc2
hxg3 16. fxg3 Bg5 17. Bf2 g6 18. c5 Be7 19. Nb5 Ndf6 20. Rad1 axb4 21. axb4 Kg7
22. cxd6 Bxd6 23. Qb2 Re8 24. Nxd6 cxd6 25. Be3 Kh7 26. Bh3 Ra4 27. Bf1 Qd7 28.
g4 Ng7 29. Bg5 Nxg4 30. fxg4 Qxg4+ 31. Qg2 Rxb4 32. Be2 Qxg2+ 33. Kxg2 Nf5 34.
Rb1 Rxb1 35. Rxb1 Rc8 36. Rxb7 Rc2 37. Kf1 Kg7 38. Bd3 Rxh2 39. Bxf5 gxf5 40.
Rd7 Kg6 41. Be7 f4 42. Bxd6 Kf6 43. Re7 Rh5 44. Bb4 e4 45. d6 e3 46. Bc3+ Kg6
47. d7 f3 48. Rxe3 Rd5 49. Re7 1-0

[Event "Open Marianske Lazne 2015 - A - velmist"]
[Site "Marianske Lazne CZE"]
[Date "2015.01.18"]
[Round "2.1"]
[White "Kargin, Arseny"]
[Black "Berend, Fred"]
[Result "1/2-1/2"]
[WhiteElo "2444"]
[BlackElo "2363"]
[PlyCount "145"]
[EventDate "2015.01.17"]
[EventType "tourn"]
[EventRounds "9"]
[EventCountry "CZE"]
[EventCategory "7"]
[Source "lmi"]
[SourceDate "2015.01.17"]

1. e4 e5 2. Nf3 Nc6 3. Bb5 Nf6 4. d3 Bc5 5. Bxc6 dxc6 6. Nbd2 Qe7 7. Nc4 Nd7 8.
O-O f6 9. Nh4 Nf8 10. c3 Be6 11. Ne3 O-O-O 12. Qc2 Qd7 13. Rd1 h5 14. b4 Bxe3
15. Bxe3 g5 16. Nf5 Bxf5 17. exf5 Qxf5 18. Bxa7 Rh7 19. Qa4 Nd7 20. b5 Qe6 21.
Be3 Nb8 22. b6 Na6 23. bxc7 Nxc7 24. Rab1 b5 25. Qa7 Kd7 26. d4 Ke8 27. dxe5
Rxd1+ 28. Rxd1 Rd7 29. Re1 Nd5 30. Qc5 Nxe3 31. Qxe3 Kf7 32. h4 Qxe5 33. Qxe5
fxe5 34. Rxe5 Rd1+ 35. Kh2 gxh4 36. Rc5 Rd2 37. f3 Rxa2 38. Rxc6 Rb2 39. Rh6 b4
40. cxb4 Rxb4 41. Rxh5 Kg6 42. Re5 Rb1 43. Ra5 Rc1 44. Kh3 Rh1+ 45. Kg4 Rh2 46.
Ra6+ Kf7 47. Ra2 Rh1 48. f4 Kf6 49. Ra6+ Ke7 50. Kf5 Rg1 51. Rg6 Kf7 52. Rg5 h3
53. gxh3 Ra1 54. h4 Ra5+ 55. Kg4 Ra1 56. Rb5 Ra6 57. h5 Kf6 58. Rb7 Ra1 59.
Rb6+ Kg7 60. Kg5 Rg1+ 61. Kf5 Rh1 62. Rb7+ Kh6 63. Kf6 Rxh5 64. f5 Rh1 65. Ke7
Re1+ 66. Kf7 Ra1 67. f6 Ra8 68. Re7 Kh7 69. Ke6+ Kg8 70. Rg7+ Kf8 71. Rh7 Ra6+
72. Ke5 Ra1 73. Ke6 1/2-1/2

[Event "Open Marianske Lazne 2015 - A - velmist"]
[Site "Marianske Lazne CZE"]
[Date "2015.01.18"]
[Round "2.2"]
[White "Zawadzka, Jolanta"]
[Black "Erenberg, Ariel"]
[Result "1/2-1/2"]
[WhiteElo "2412"]
[BlackElo "2251"]
[PlyCount "89"]
[EventDate "2015.01.17"]
[EventType "tourn"]
[EventRounds "9"]
[EventCountry "CZE"]
[EventCategory "7"]
[Source "lmi"]
[SourceDate "2015.01.17"]

1. e4 c5 2. Nf3 e6 3. d4 cxd4 4. Nxd4 Nc6 5. Nb5 d6 6. c4 Be7 7. Bf4 e5 8. Be3
Nf6 9. f3 Be6 10. Be2 O-O 11. O-O Rc8 12. Qd2 a6 13. N5c3 Nd4 14. Bxd4 exd4 15.
Nd5 Bxd5 16. cxd5 Nd7 17. Na3 Bf6 18. Kh1 Nc5 19. Rab1 Be5 20. g3 Qd7 21. Kg2
f5 22. Bd3 fxe4 23. Bxe4 Nxe4 24. fxe4 Qg4 25. Qd3 b5 26. Nc2 h5 27. Rxf8+ Rxf8
28. Rf1 Rxf1 29. Kxf1 Qh3+ 30. Kg1 h4 31. Nxd4 hxg3 32. hxg3 Bxg3 33. Qe2 Be5
34. Ne6 Qg3+ 35. Kf1 Qh3+ 36. Kg1 b4 37. b3 Qg3+ 38. Kf1 Qh3+ 39. Kg1 Bf6 40.
Qxa6 Qg3+ 41. Kf1 Qf3+ 42. Kg1 Qe3+ 43. Kf1 Qf3+ 44. Kg1 Qg3+ 45. Kf1 1/2-1/2

[Event "Open Marianske Lazne 2015 - A - velmist"]
[Site "Marianske Lazne CZE"]
[Date "2015.01.18"]
[Round "2.3"]
[White "Stachowiak, Kamil"]
[Black "Simantsev, Mikhail"]
[Result "0-1"]
[WhiteElo "2446"]
[BlackElo "2432"]
[PlyCount "68"]
[EventDate "2015.01.17"]
[EventType "tourn"]
[EventRounds "9"]
[EventCountry "CZE"]
[EventCategory "7"]
[Source "lmi"]
[SourceDate "2015.01.17"]

1. d4 Nf6 2. c4 e6 3. Nf3 b6 4. g3 Ba6 5. Qa4 c6 6. Nc3 Be7 7. Bg2 O-O 8. O-O
d5 9. cxd5 cxd5 10. Ne5 Nfd7 11. Rd1 b5 12. Qb3 Nxe5 13. dxe5 Nc6 14. e4 d4 15.
Nxb5 Qb6 16. a4 Rfd8 17. Bf4 g5 18. Bd2 Nxe5 19. Rac1 Rac8 20. h3 Bxb5 21. axb5
Rxc1 22. Bxc1 a6 23. f4 gxf4 24. gxf4 Ng6 25. Qg3 Qxb5 26. f5 exf5 27. exf5
Qxf5 28. Rf1 Qd7 29. Qd3 Bd6 30. Bg5 Rb8 31. Bf6 Rxb2 32. Qxd4 Rxg2+ 33. Kxg2
Qc6+ 34. Rf3 Nf4+ 0-1

[Event "Open Marianske Lazne 2015 - A - velmist"]
[Site "Marianske Lazne CZE"]
[Date "2015.01.18"]
[Round "2.4"]
[White "Dobrowolski, Piotr"]
[Black "Kim, Alexey"]
[Result "0-1"]
[WhiteElo "2434"]
[BlackElo "2477"]
[PlyCount "90"]
[EventDate "2015.01.17"]
[EventType "tourn"]
[EventRounds "9"]
[EventCountry "CZE"]
[EventCategory "7"]
[Source "lmi"]
[SourceDate "2015.01.17"]

1. e4 c5 2. Nf3 e6 3. d4 cxd4 4. Nxd4 Nc6 5. Nc3 Qc7 6. Be3 Nf6 7. f4 Bb4 8.
Ndb5 Qa5 9. e5 Nd5 10. Bd2 Nxc3 11. Nxc3 d5 12. exd6 Bxd6 13. Nb5 Bb4 14. c3
Be7 15. b4 Qd8 16. Be3 O-O 17. Be2 Bd7 18. O-O Bf6 19. Qb3 Ne7 20. Rad1 Nd5 21.
Bc5 Be7 22. Bd4 Qe8 23. c4 Bxb5 24. cxb5 b6 25. Bc4 Rd8 26. f5 Kh8 27. Ba1 Bxb4
28. Bxd5 Bc5+ 29. Kh1 exd5 30. f6 d4 31. Rde1 Qd7 32. fxg7+ Kxg7 33. Qg3+ Kh8
34. Qe5+ f6 35. Rxf6 Qg7 36. Ref1 Rxf6 37. Rxf6 Be7 38. Re6 Qxe5 39. Rxe5 Bb4
40. Rf5 Kg8 41. Kg1 d3 42. Rg5+ Kf7 43. Rf5+ Ke6 44. Re5+ Kd6 45. Kf2 Rf8+ 0-1

[Event "Open Marianske Lazne 2015 - A - velmist"]
[Site "Marianske Lazne CZE"]
[Date "2015.01.18"]
[Round "2.5"]
[White "Andreev, Eduard"]
[Black "Studer, Noel"]
[Result "1-0"]
[WhiteElo "2458"]
[BlackElo "2403"]
[PlyCount "73"]
[EventDate "2015.01.17"]
[EventType "tourn"]
[EventRounds "9"]
[EventCountry "CZE"]
[EventCategory "7"]
[Source "lmi"]
[SourceDate "2015.01.17"]

1. e4 e5 2. Nf3 Nc6 3. d4 exd4 4. Nxd4 Nf6 5. Nxc6 bxc6 6. e5 Qe7 7. Qe2 Nd5 8.
c4 Ba6 9. b3 g6 10. f4 d6 11. Qf2 Nf6 12. Be2 dxe5 13. Ba3 Qe6 14. fxe5 Nd7 15.
Bxf8 Kxf8 16. O-O Nxe5 17. Nc3 Kg7 18. Ne4 Qe7 19. Nf6 Rhd8 20. Qh4 h6 21. Rae1
Rd6 22. Nh5+ Kf8 23. Qxe7+ Kxe7 24. Bg4 gxh5 25. Rxe5+ Kf8 26. Bxh5 f6 27. h3
Rad8 28. Ra5 c5 29. Rxc5 R8d7 30. Ra5 Kg7 31. Re1 Bb7 32. Rxa7 c5 33. Bg4 Rf7
34. Re6 Rd2 35. Re2 Rd3 36. Be6 Re7 37. Kf2 1-0

[Event "Open Marianske Lazne 2015 - A - velmist"]
[Site "Marianske Lazne CZE"]
[Date "2015.01.19"]
[Round "3.1"]
[White "Studer, Noel"]
[Black "Kargin, Arseny"]
[Result "1/2-1/2"]
[WhiteElo "2403"]
[BlackElo "2444"]
[PlyCount "129"]
[EventDate "2015.01.17"]
[EventType "tourn"]
[EventRounds "9"]
[EventCountry "CZE"]
[EventCategory "7"]
[Source "lmi"]
[SourceDate "2015.01.17"]

1. e4 c5 2. Nf3 d6 3. Bb5+ Nd7 4. O-O a6 5. Bd3 Ngf6 6. Re1 Qc7 7. a4 b6 8. c3
Bb7 9. Bc2 c4 10. b3 cxb3 11. Bxb3 Nc5 12. d3 Nxb3 13. Qxb3 e6 14. c4 Be7 15.
Nc3 Nd7 16. Rb1 Rb8 17. Be3 Ba8 18. d4 O-O 19. Nd2 Kh8 20. f3 Bf6 21. Rec1 g6
22. Ne2 Bg7 23. Qa3 Rfc8 24. Nb3 Bf8 25. Qa1 Kg8 26. d5 Qd8 27. Kh1 Ne5 28.
dxe6 Nxc4 29. exf7+ Kxf7 30. Bf4 b5 31. Qa2 Kg7 32. Nbd4 Qd7 33. Nc3 b4 34. Nd5
Bxd5 35. exd5 Na5 36. Rxc8 Qxc8 37. Qd2 Qc4 38. Ne6+ Kg8 39. Nxf8 Rxf8 40. Bxd6
Rd8 41. Bxb4 Qxd5 42. Qxd5+ Rxd5 43. Kg1 Nc4 44. Rc1 Nb2 45. a5 Rb5 46. Bd2 Nd3
47. Rc8+ Kf7 48. Kf1 Rb2 49. Ke2 Nf4+ 50. Kd1 Nxg2 51. Rc6 Nh4 52. Rxa6 Ra2 53.
Bc3 Nf5 54. Kc1 Rxh2 55. Rc6 Ke7 56. Kb1 Kd7 57. Rc5 Ne7 58. a6 Nc6 59. Ra5 Rh5
60. Rxh5 gxh5 61. Be1 Kc7 62. Bf2 Nb4 63. a7 Kb7 64. f4 h4 65. Bxh4 1/2-1/2

[Event "Open Marianske Lazne 2015 - A - velmist"]
[Site "Marianske Lazne CZE"]
[Date "2015.01.19"]
[Round "3.2"]
[White "Kim, Alexey"]
[Black "Andreev, Eduard"]
[Result "1/2-1/2"]
[WhiteElo "2477"]
[BlackElo "2458"]
[PlyCount "21"]
[EventDate "2015.01.17"]
[EventType "tourn"]
[EventRounds "9"]
[EventCountry "CZE"]
[EventCategory "7"]
[Source "lmi"]
[SourceDate "2015.01.17"]

1. e4 c5 2. Nf3 d6 3. Bb5+ Bd7 4. Bxd7+ Qxd7 5. O-O Nc6 6. c3 Nf6 7. Re1 e6 8.
d4 cxd4 9. cxd4 d5 10. e5 Ne4 11. Nbd2 1/2-1/2

[Event "Open Marianske Lazne 2015 - A - velmist"]
[Site "Marianske Lazne CZE"]
[Date "2015.01.19"]
[Round "3.3"]
[White "Simantsev, Mikhail"]
[Black "Dobrowolski, Piotr"]
[Result "1-0"]
[WhiteElo "2432"]
[BlackElo "2434"]
[PlyCount "89"]
[EventDate "2015.01.17"]
[EventType "tourn"]
[EventRounds "9"]
[EventCountry "CZE"]
[EventCategory "7"]
[Source "lmi"]
[SourceDate "2015.01.17"]

1. d4 Nf6 2. c4 e6 3. Nf3 Bb4+ 4. Nbd2 d6 5. Qa4+ Nc6 6. a3 Bxd2+ 7. Bxd2 O-O
8. Qc2 e5 9. d5 Ne7 10. e4 c6 11. Be2 cxd5 12. cxd5 Bg4 13. O-O Bh5 14. Rfe1
Rc8 15. Bc3 Ng6 16. g3 Qd7 17. Kg2 Bg4 18. Ng1 Bxe2 19. Qxe2 h5 20. Nh3 h4 21.
Rac1 Rc7 22. f4 hxg3 23. f5 Nh4+ 24. Kxg3 Rfc8 25. Bd2 Rxc1 26. Rxc1 Rxc1 27.
Bxc1 Nxf5+ 28. exf5 Qxf5 29. Ng5 Qc8 30. Be3 Nxd5 31. Qd3 Nf6 32. Qxd6 Qg4+ 33.
Kf2 Qf5+ 34. Ke1 g6 35. Qb8+ Kg7 36. Qxb7 Ng4 37. Qxa7 Qb1+ 38. Ke2 Qxb2+ 39.
Bd2 Qb5+ 40. Kf3 Qf1+ 41. Kg3 Nh6 42. Ne6+ Kf6 43. Bxh6 Kxe6 44. Qb6+ Kd5 45.
Qf2 1-0

[Event "Open Marianske Lazne 2015 - A - velmist"]
[Site "Marianske Lazne CZE"]
[Date "2015.01.19"]
[Round "3.4"]
[White "Erenberg, Ariel"]
[Black "Stachowiak, Kamil"]
[Result "1/2-1/2"]
[WhiteElo "2251"]
[BlackElo "2446"]
[PlyCount "60"]
[EventDate "2015.01.17"]
[EventType "tourn"]
[EventRounds "9"]
[EventCountry "CZE"]
[EventCategory "7"]
[Source "lmi"]
[SourceDate "2015.01.17"]

1. Nf3 c5 2. c4 Nf6 3. Nc3 g6 4. d4 cxd4 5. Nxd4 Bg7 6. e4 d6 7. Be2 O-O 8. Be3
Nc6 9. O-O Bd7 10. Kh1 Nxd4 11. Bxd4 a5 12. f3 Bc6 13. Qd2 Nd7 14. Rfd1 Bxd4
15. Qxd4 Qb6 16. Qxb6 Nxb6 17. Rd4 a4 18. Rad1 Nd7 19. Nd5 Bxd5 20. Rxd5 Rfc8
21. Rb5 Rc7 22. Kg1 Kg7 23. Kf2 Nc5 24. Rd2 f6 25. Ke3 Ra6 26. g3 Kf7 27. h4 e5
28. Bf1 Ke7 29. Bh3 h6 30. Rh2 Ra8 1/2-1/2

[Event "Open Marianske Lazne 2015 - A - velmist"]
[Site "Marianske Lazne CZE"]
[Date "2015.01.19"]
[Round "3.5"]
[White "Berend, Fred"]
[Black "Zawadzka, Jolanta"]
[Result "1/2-1/2"]
[WhiteElo "2363"]
[BlackElo "2412"]
[PlyCount "163"]
[EventDate "2015.01.17"]
[EventType "tourn"]
[EventRounds "9"]
[EventCountry "CZE"]
[EventCategory "7"]
[Source "lmi"]
[SourceDate "2015.01.17"]

1. d4 d5 2. c4 e6 3. Nf3 Nf6 4. g3 Bb4+ 5. Bd2 a5 6. Bg2 Nc6 7. O-O dxc4 8. Bg5
O-O 9. e3 h6 10. Bxf6 Qxf6 11. a3 Bd6 12. Nc3 e5 13. d5 Nb8 14. Nd2 b6 15. Nxc4
Ba6 16. Qe2 Qe7 17. Rfc1 Nd7 18. Ne4 a4 19. Qd1 f5 20. Nexd6 cxd6 21. b4 axb3
22. Qxb3 Nc5 23. Qa2 Bxc4 24. Rxc4 Qd7 25. Qb1 f4 26. exf4 exf4 27. Rc3 fxg3
28. hxg3 Qg4 29. Re3 Qd4 30. Qd1 Qb2 31. Re2 Qc3 32. Re3 Qb2 33. Re2 Qf6 34.
Raa2 Ra4 35. Re3 Rd4 36. Qe2 Qg6 37. Rb2 Nd3 38. Be4 Rxe4 39. Qxd3 Qf6 40. Rxe4
Qxb2 41. Re2 Qc1+ 42. Kg2 Qg5 43. Re6 Rf6 44. Qe4 h5 45. Re8+ Kf7 46. Re7+ Kf8
47. Re8+ Kf7 48. Rh8 Qe5 49. Qxe5 dxe5 50. Rxh5 e4 51. Re5 Rd6 52. a4 Kf6 53.
Rxe4 Rxd5 54. Rb4 Rd6 55. Kh3 Kf7 56. Kg4 Rd5 57. Kf4 Ra5 58. Ke4 Ke7 59. Kd3
Rf5 60. f4 Ra5 61. Kc3 Rc5+ 62. Rc4 Ra5 63. Rb4 Rc5+ 64. Kb3 Rc6 65. Rc4 Rg6
66. Rc3 Rg4 67. Kb4 g5 68. Rf3 gxf4 69. gxf4 Rg1 70. Rd3 Rb1+ 71. Kc4 Ra1 72.
Kb4 Rb1+ 73. Kc3 Ke6 74. Rd4 b5 75. a5 Ra1 76. f5+ Ke5 77. Rd8 Rxa5 78. Kb4
Ra4+ 79. Kxb5 Rf4 80. Rc8 Rxf5 81. Rc5+ Ke4 82. Rxf5 1/2-1/2

[Event "Open Marianske Lazne 2015 - A - velmist"]
[Site "Marianske Lazne CZE"]
[Date "2015.01.20"]
[Round "4.1"]
[White "Kargin, Arseny"]
[Black "Zawadzka, Jolanta"]
[Result "0-1"]
[WhiteElo "2444"]
[BlackElo "2412"]
[PlyCount "72"]
[EventDate "2015.01.17"]
[EventType "tourn"]
[EventRounds "9"]
[EventCountry "CZE"]
[EventCategory "7"]
[Source "lmi"]
[SourceDate "2015.01.17"]

1. e4 c5 2. Nf3 e6 3. d4 cxd4 4. Nxd4 Nc6 5. Nc3 Qc7 6. Be3 a6 7. Qf3 Bb4 8.
Nxc6 dxc6 9. Bd4 e5 10. Qg3 f6 11. a3 Bd6 12. Be3 Be6 13. Be2 h5 14. f3 b5 15.
O-O Kf7 16. a4 Ne7 17. Qf2 Ng6 18. Rfd1 Qe7 19. Nb1 Nf4 20. Bf1 g5 21. Nd2 Rhd8
22. axb5 axb5 23. c4 Rxa1 24. Rxa1 Bb4 25. cxb5 cxb5 26. Bxb5 Qd6 27. Ra6 Qb8
28. Rb6 Qxb6 29. Bxb6 Rxd2 30. Qe3 Rxg2+ 31. Kh1 Rd2 32. h4 gxh4 33. Bc5 Rd1+
34. Kh2 Be1 35. Bf1 Bg3+ 36. Kg1 h3 0-1

[Event "Open Marianske Lazne 2015 - A - velmist"]
[Site "Marianske Lazne CZE"]
[Date "2015.01.20"]
[Round "4.2"]
[White "Stachowiak, Kamil"]
[Black "Berend, Fred"]
[Result "1-0"]
[WhiteElo "2446"]
[BlackElo "2363"]
[PlyCount "93"]
[EventDate "2015.01.17"]
[EventType "tourn"]
[EventRounds "9"]
[EventCountry "CZE"]
[EventCategory "7"]
[Source "lmi"]
[SourceDate "2015.01.17"]

1. d4 Nf6 2. c4 g6 3. Nf3 Bg7 4. g3 O-O 5. Bg2 d6 6. O-O Nc6 7. Nc3 Rb8 8. b3
a6 9. Bb2 b5 10. cxb5 axb5 11. Rc1 Bd7 12. Qc2 Qc8 13. Rfe1 Qa6 14. e4 Bh6 15.
Rcd1 Nb4 16. Qb1 e6 17. a3 Nc6 18. b4 Bg7 19. h3 Na7 20. Nd2 Nc8 21. e5 Ne8 22.
h4 Bc6 23. Nde4 Qa8 24. d5 exd5 25. Nxd5 dxe5 26. Nc5 f6 27. h5 gxh5 28. Ne6
Rf7 29. Nd8 Na7 30. Nxf7 Kxf7 31. Qxh7 Rd8 32. Qxh5+ Kf8 33. Ne3 Rxd1 34. Rxd1
Bxg2 35. Nxg2 Nd6 36. Nh4 Nac8 37. Qg4 Qc6 38. Rc1 Qb7 39. Qd7 c5 40. Qd8+ Ne8
41. bxc5 Ne7 42. c6 Qc7 43. Qd7 Bh6 44. Rc2 Kf7 45. Nf5 Bf8 46. Ne3 Kg6 47.
Qxe8+ 1-0

[Event "Open Marianske Lazne 2015 - A - velmist"]
[Site "Marianske Lazne CZE"]
[Date "2015.01.20"]
[Round "4.3"]
[White "Dobrowolski, Piotr"]
[Black "Erenberg, Ariel"]
[Result "1-0"]
[WhiteElo "2434"]
[BlackElo "2251"]
[PlyCount "95"]
[EventDate "2015.01.17"]
[EventType "tourn"]
[EventRounds "9"]
[EventCountry "CZE"]
[EventCategory "7"]
[Source "lmi"]
[SourceDate "2015.01.17"]

1. e4 c5 2. Nf3 e6 3. d4 cxd4 4. Nxd4 Nc6 5. Nc3 Qc7 6. Be3 a6 7. Qf3 Nf6 8.
O-O-O Be7 9. Be2 O-O 10. Qg3 Qxg3 11. hxg3 b5 12. Nxc6 dxc6 13. e5 Nd5 14. Nxd5
cxd5 15. Bd3 h6 16. g4 f5 17. exf6 Bxf6 18. f4 e5 19. fxe5 Bxe5 20. Be2 d4 21.
Bxd4 Bxd4 22. Rxd4 Bb7 23. g5 hxg5 24. Bd3 Rf6 25. Rg4 Rh6 26. Re1 Rh2 27. g3
Rh1 28. Rxh1 Bxh1 29. Rxg5 Kf7 30. b4 Kf6 31. Rg6+ Kf7 32. Rb6 Bd5 33. Kb2 Bf3
34. a4 bxa4 35. Rxa6 Rh8 36. Rxa4 Rh3 37. Ra3 Bd5 38. c4 Be6 39. b5 Rxg3 40. b6
Bc8 41. Be4 Rg4 42. b7 Bxb7 43. Bxb7 Ke7 44. Kc3 g5 45. Ra6 Rg1 46. Kd4 g4 47.
Bd5 g3 48. Rg6 1-0

[Event "Open Marianske Lazne 2015 - A - velmist"]
[Site "Marianske Lazne CZE"]
[Date "2015.01.20"]
[Round "4.5"]
[White "Studer, Noel"]
[Black "Kim, Alexey"]
[Result "1-0"]
[WhiteElo "2403"]
[BlackElo "2477"]
[PlyCount "59"]
[EventDate "2015.01.17"]
[EventType "tourn"]
[EventRounds "9"]
[EventCountry "CZE"]
[EventCategory "7"]
[Source "lmi"]
[SourceDate "2015.01.17"]

1. e4 c6 2. d4 d5 3. e5 Bf5 4. Nf3 e6 5. Be2 Ne7 6. O-O Nd7 7. Nbd2 h6 8. Nb3
Qc7 9. Be3 g5 10. Rc1 Bg7 11. Nfd2 O-O-O 12. c4 f6 13. exf6 Bxf6 14. Qe1 h5 15.
cxd5 Nxd5 16. Nc4 Be7 17. Bd2 Kb8 18. Nba5 Rc8 19. b4 g4 20. Qd1 e5 21. Ne3 Be4
22. b5 Nxe3 23. fxe3 exd4 24. bxc6 bxc6 25. Rf4 dxe3 26. Bxe3 Bd5 27. Rb1+ Nb6
28. Nc4 Bxc4 29. Rxc4 c5 30. Bf4 1-0

[Event "Open Marianske Lazne 2015 - A - velmist"]
[Site "Marianske Lazne CZE"]
[Date "2015.01.20"]
[Round "5.1"]
[White "Kim, Alexey"]
[Black "Kargin, Arseny"]
[Result "1/2-1/2"]
[WhiteElo "2477"]
[BlackElo "2444"]
[PlyCount "21"]
[EventDate "2015.01.17"]
[EventType "tourn"]
[EventRounds "9"]
[EventCountry "CZE"]
[EventCategory "7"]
[Source "lmi"]
[SourceDate "2015.01.17"]

1. e4 c5 2. Nf3 d6 3. d4 cxd4 4. Nxd4 Nf6 5. Nc3 g6 6. Be3 Bg7 7. f3 Nc6 8. Qd2
O-O 9. Bc4 Bd7 10. O-O-O Rc8 11. Bb3 1/2-1/2

[Event "Open Marianske Lazne 2015 - A - velmist"]
[Site "Marianske Lazne CZE"]
[Date "2015.01.20"]
[Round "5.2"]
[White "Simantsev, Mikhail"]
[Black "Studer, Noel"]
[Result "1/2-1/2"]
[WhiteElo "2432"]
[BlackElo "2403"]
[PlyCount "46"]
[EventDate "2015.01.17"]
[EventType "tourn"]
[EventRounds "9"]
[EventCountry "CZE"]
[EventCategory "7"]
[Source "lmi"]
[SourceDate "2015.01.17"]

1. d4 Nf6 2. Nf3 e6 3. c4 d5 4. Nc3 Bb4 5. Qa4+ Nc6 6. e3 O-O 7. Bd2 Bd7 8. Qc2
dxc4 9. Bxc4 Bd6 10. a3 e5 11. dxe5 Nxe5 12. Nxe5 Bxe5 13. h3 Qc8 14. Nd5 Nxd5
15. Bxd5 Bf5 16. e4 c6 17. Bc4 Be6 18. Bxe6 Qxe6 19. O-O f5 20. exf5 Qxf5 21.
Qb3+ Qf7 22. Qc2 Qf5 23. Qb3+ Qf7 1/2-1/2

[Event "Open Marianske Lazne 2015 - A - velmist"]
[Site "Marianske Lazne CZE"]
[Date "2015.01.20"]
[Round "5.3"]
[White "Erenberg, Ariel"]
[Black "Andreev, Eduard"]
[Result "1/2-1/2"]
[WhiteElo "2251"]
[BlackElo "2458"]
[PlyCount "78"]
[EventDate "2015.01.17"]
[EventType "tourn"]
[EventRounds "9"]
[EventCountry "CZE"]
[EventCategory "7"]
[Source "lmi"]
[SourceDate "2015.01.17"]

1. d4 Nf6 2. c4 e6 3. Nc3 Bb4 4. f3 O-O 5. a3 Bxc3+ 6. bxc3 Nh5 7. Nh3 f5 8. e3
d6 9. Bd3 Nc6 10. O-O Nf6 11. Nf4 Ne7 12. Qb3 c5 13. Rd1 Qc7 14. Ra2 Ng6 15.
Qb1 Bd7 16. d5 Nxf4 17. exf4 exd5 18. cxd5 c4 19. Bf1 Qc5+ 20. Rd4 b5 21. Qb4
Qb6 22. Rf2 Rfe8 23. a4 a5 24. Qb2 Qc5 25. axb5 Bxb5 26. Qa2 Nxd5 27. Qd2 Ne3
28. Re2 Nxf1 29. Rxe8+ Bxe8 30. Kxf1 Ra6 31. Rd5 Qc7 32. Ba3 Bf7 33. Rxd6 Rxd6
34. Qxd6 Qxd6 35. Bxd6 Be8 36. Bc7 a4 37. Bd6 Kf7 38. Ke2 Ke6 39. Ba3 Kd5
1/2-1/2